[Event "Challenge"]
[Site "http://www.queenalice.com/game.php?id=673563"]
[Date "2009.10.27"]
[Round "-"]
[White "AuntieRenie"]
[Black "pac212"]
[Result "0-1"]
[WhiteElo "1486"]
[BlackElo "1665"]

1. c4 c6 2. Nc3 Nf6 3. d4 d6 4. Nf3 Qc7 5. b4 e5 6. dxe5 dxe5 7. c5 b6 8. cxb6
axb6 9. Bb2 Bxb4 10. g3 Bf5 11. Bg2 Ne4 12. Qc1 Be6 13. Nd2 Nxc3 14. Bxc3 Bxc3
15. Qxc3 Rxa2 16. Rxa2 Bxa2 17. O-O Nd7 18. Qc2 Be6 19. Qxc6 Qxc6 20. Bxc6 Ke7
21. Rb1 Rb8 22. Rb5 Kd6 23. Bxd7 Bxd7 24. Ne4+ Ke6 25. Rb4 h6 26. e3 f5 27. Nc3
Bc6 28. Rc4 Kd6 29. e4 Ra8 30. h4 fxe4 31. Nxe4+ Bxe4 32. Rxe4 b5 33. Rb4 Kc5
34. Rg4 Ra7 35. Kf1 b4 36. Re4 b3 37. Rxe5+ Kd4 38. Re1 b2 39. Rb1 Kc3 40. Ke1
Ra1 41. Rxa1 bxa1=Q+ 42. Ke2 Qa6+ 43. Kf3 Qf1 44. g4 Qh3+ 45. Kf4 Qxh4 46. f3
Kd4 47. Kf5 Qf6# 0-1

[Event "Dylan93-2"]
[Site "http://www.queenalice.com/game.php?id=701340"]
[Date "2009.12.21"]
[Round "2"]
[White "franchouillard"]
[Black "pac212"]
[Result "1-0"]
[WhiteElo "2044"]
[BlackElo "1682"]

1. e4 e5 2. Nf3 Nc6 3. d4 exd4 4. Nxd4 d5 5. Nxc6 bxc6 6. exd5 Qxd5 7. Bd3 Qe5+
8. Qe2 Bd6 9. O-O Ne7 10. Qxe5 Bxe5 11. Re1 f6 12. Nd2 Bd6 13. Nf3 O-O 14. Nd4
Nd5 15. Nxc6 Bb7 16. Na5 Rab8 17. Nxb7 Rxb7 18. Bc4 c6 19. Rd1 Re8 20. Bxd5+
cxd5 21. Kf1 Bxh2 22. g3 Rbe7 23. Kg2 Re2 24. Rd2 R8e5 25. Kxh2 Rxd2 26. Bxd2
Re2 27. Be3 Kf7 28. Rc1 1-0

[Event "AUTO-INT-1600"]
[Site "http://www.queenalice.com/game.php?id=725932"]
[Date "2010.2.4"]
[Round "1"]
[White "ztnilz"]
[Black "pac212"]
[Result "1-0"]
[WhiteElo "1732"]
[BlackElo "1683"]

1. e4 e5 2. Nf3 Qf6 3. c4 d6 4. Nc3 c6 5. b4 Ne7 6. d4 Ng6 7. d5 h6 8. Bb2 a6 9.
a3 cxd5 10. Nxd5 Qd8 11. Qc2 Bg4 12. Be2 Bxf3 13. Bxf3 Nf4 14. Nxf4 exf4 15. O-O
Nc6 16. Rfe1 Ne5 17. Qe2 Rc8 18. Red1 Nxf3+ 19. Qxf3 Qg5 20. Rd5 Qh4 21. Rc1 h5
22. c5 dxc5 23. bxc5 Be7 24. Bxg7 Rh7 25. Be5 b6 26. Bd4 bxc5 27. Bxc5 Bxc5 28.
Rcxc5 Rxc5 29. Rxc5 Qf6 30. h3 1-0

[Event "AUTO-INT-1600"]
[Site "http://www.queenalice.com/game.php?id=725933"]
[Date "2010.2.4"]
[Round "1"]
[White "pac212"]
[Black "ztnilz"]
[Result "1/2-1/2"]
[WhiteElo "1680"]
[BlackElo "1765"]

1. e4 e5 2. Bc4 Be7 3. Nf3 d6 4. d3 Nf6 5. Nc3 O-O 6. h3 c6 7. O-O a5 8. d4 b5
9. Bd3 exd4 10. Nxd4 b4 11. Na4 Bd7 12. b3 c5 13. Nf5 Bxf5 14. exf5 d5 15. c4 d4
16. Bf4 Bd6 17. Bxd6 Qxd6 18. Re1 Nc6 19. Nb6 Rae8 20. Na4 Rxe1+ 21. Qxe1 Re8
22. Qd2 Nh5 23. Re1 Rxe1+ 24. Qxe1 Nf6 25. Nb2 Qe5 26. Qb1 Ne7 27. Na4 g6 28. g4
Kg7 29. Kg2 g5 30. Qc1 1/2-1/2

[Event "AUTO-INT-1600"]
[Site "http://www.queenalice.com/game.php?id=725938"]
[Date "2010.2.4"]
[Round "1"]
[White "JMendes"]
[Black "pac212"]
[Result "1-0"]
[WhiteElo "1721"]
[BlackElo "1669"]

1. d4 d5 2. e3 a6 3. Nf3 e6 4. Bd3 Bd6 5. O-O Nf6 6. Nc3 Nc6 7. e4 dxe4 8. Nxe4
Nxe4 9. Bxe4 Bd7 10. d5 exd5 11. Bxd5 O-O 12. Bg5 Be7 13. Bxe7 Qxe7 14. Re1 Be6
15. Bxc6 bxc6 16. Qc1 Rfd8 17. Ne5 Rd6 18. Qf4 Rad8 19. h3 f6 20. Nd3 Rd4 21.
Qe3 Qd6 22. Qxe6+ Qxe6 23. Rxe6 Rc4 24. Re2 Kf7 25. b3 Rcd4 26. Re3 g5 27. Rae1
Rc8 28. Re7+ Kg6 29. Kf1 c5 30. R1e6 1-0

[Event "AUTO-INT-1600"]
[Site "http://www.queenalice.com/game.php?id=725939"]
[Date "2010.2.4"]
[Round "1"]
[White "pac212"]
[Black "JMendes"]
[Result "1-0"]
[WhiteElo "1655"]
[BlackElo "1735"]

1. e4 e5 2. Bc4 Be7 3. Nf3 Nf6 4. Nxe5 O-O 5. d3 d6 6. Nf3 Nc6 7. Nc3 Bg4 8. Qd2
Bxf3 9. gxf3 Na5 10. Nd5 Nxc4 11. Nxe7+ Qxe7 12. dxc4 Rfe8 13. Qd3 Qd7 14. b3
Re6 15. Bb2 Rae8 16. O-O-O Qc6 17. h4 Nh5 18. Rhg1 Nf4 19. Qd2 Ng6 20. h5 Ne5
21. Rg3 h6 22. Rdg1 g6 23. Qxh6 R8e7 24. f4 Qxe4 25. fxe5 dxe5 26. hxg6 Rxg6 27.
Rxg6+ fxg6 28. Rxg6+ Kf7 29. Qh7+ Ke8 30. Rg8+ Kd7 31. Qxe4 1-0

[Event "Dylan93-2"]
[Site "http://www.queenalice.com/game.php?id=772419"]
[Date "2010.5.7"]
[Round "3"]
[White "pac212"]
[Black "coyote78"]
[Result "0-1"]
[WhiteElo "1674"]
[BlackElo "2026"]

1. g3 e5 2. Bg2 Nf6 3. e3 d5 4. Ne2 Bg4 5. O-O Nc6 6. c3 Qd7 7. Qe1 Bd6 8. b4
O-O 9. Ba3 b5 10. d4 Bh3 11. Bxh3 Qxh3 12. f3 e4 13. Nd2 exf3 14. Nxf3 Ng4 15.
Nf4 Bxf4 16. gxf4 Ne7 17. Qe2 Nf5 18. Ng5 Qxe3+ 19. Qxe3 Nfxe3 0-1

[Event "Challenge"]
[Site "http://www.queenalice.com/game.php?id=788222"]
[Date "2010.6.10"]
[Round "-"]
[White "ztnilz"]
[Black "pac212"]
[Result "0-1"]
[WhiteElo "1784"]
[BlackElo "1672"]

1. e4 c5 2. Bc4 Nc6 3. Qh5 e6 4. Qd1 Ne5 5. Be2 Nf6 6. Nc3 d5 7. exd5 exd5 8. d4
cxd4 9. Qxd4 Nc6 10. Qd1 Bc5 11. a3 O-O 12. Nf3 Qd6 13. O-O a6 14. Bg5 Be6 15.
Bxf6 gxf6 16. Na4 Ba7 17. Nc3 Bb8 18. Ne4 dxe4 19. Ne1 Qxh2# 0-1

[Event "AUTO-OPEN-1489"]
[Site "http://www.queenalice.com/game.php?id=793024"]
[Date "2010.6.21"]
[Round "3"]
[White "robelix"]
[Black "pac212"]
[Result "0-1"]
[WhiteElo "2063"]
[BlackElo "1712"]

1. d4 d5 2. c4 e5 3. dxe5 Bb4+ 4. Bd2 Nc6 5. Bxb4 Nxb4 6. Qb3 a5 7. a3 dxc4 8.
Qxc4 Be6 9. Qc3 Nd5 10. Qc2 Nge7 11. e4 Nf4 12. Nf3 c6 13. g3 Nh3 14. Nc3 O-O
15. Rd1 Qc7 16. Bxh3 Bxh3 17. Ng5 Bd7 18. e6 fxe6 19. O-O h6 20. Nh3 e5 21. Kg2
Bxh3+ 22. Kxh3 Qc8+ 23. Kg2 Rf4 24. Rd8+ Qxd8 25. gxf4 exf4 26. f3 Ng6 27. Rg1
Nh4+ 28. Kf2 Qd4+ 29. Kf1 Nxf3 30. Rg2 Qc4+ 31. Qe2 Qxe2+ 32. Kxe2 Ne5 33. Ke1
Nd3+ 34. Kf1 b5 35. Rd2 Ne5 0-1

[Event "AUTO-OPEN-1489"]
[Site "http://www.queenalice.com/game.php?id=793025"]
[Date "2010.6.21"]
[Round "3"]
[White "pac212"]
[Black "robelix"]
[Result "0-1"]
[WhiteElo "1703"]
[BlackElo "2061"]

1. e4 e6 2. d4 d5 3. Nc3 Bb4 4. Bd2 dxe4 5. Nxe4 Bxd2+ 6. Qxd2 Ne7 7. Nf3 O-O 8.
Bc4 b6 9. Nh4 Bb7 10. Ng3 c5 11. Ne2 cxd4 12. Nxd4 Nbc6 13. Ndf3 Qxd2+ 14. Nxd2
Nd4 15. O-O-O b5 16. Bf1 a6 17. f3 g5 18. Nb3 Nxb3+ 19. axb3 Nd5 0-1

[Event "gitanera"]
[Site "http://www.queenalice.com/game.php?id=828508"]
[Date "2010.9.5"]
[Round "-"]
[White "gitano"]
[Black "pac212"]
[Result "0-1"]
[WhiteElo "1573"]
[BlackElo "1701"]

1. e4 e5 2. Bc4 Nh6 3. Qf3 Bc5 4. d3 g5 5. h4 g4 6. Qe2 Qf6 7. Nc3 c6 8. Bxh6
Qxh6 9. Qxg4 b5 10. Bb3 Qf6 11. Nh3 h5 12. Qf5 Qe7 13. Ng5 Rf8 14. Nh7 Rh8 15.
Nf6+ Kd8 16. Nh7 d6 17. Qxh5 Be6 18. Qg5 Qxg5 19. Nxg5 Ke7 20. Ne2 Nd7 21. g3 d5
22. O-O-O Bxf2 23. Rhf1 Be3+ 24. Kb1 Bxg5 25. hxg5 Rag8 26. Rh1 Rh3 27. d4 Rxg5
28. exd5 cxd5 0-1

[Event "Challenge"]
[Site "http://www.queenalice.com/game.php?id=1248279"]
[Date "2014.1.15"]
[Round "-"]
[White "coyote78"]
[Black "pac212"]
[Result "1-0"]
[WhiteElo "1936"]
[BlackElo "1742"]

1. e4 e5 2. Nf3 Nf6 3. Nxe5 d6 4. Nxf7 Qe7 5. Nxd6+ Qxd6 6. Qe2 Nc6 7. c3 b6 8.
d4 a6 9. e5 Qe6 10. exf6 gxf6 11. Qxe6+ Bxe6 12. Bf4 Bd6 13. Bxd6 cxd6 14. Nd2
b5 15. Be2 b4 16. Bh5+ Ke7 17. O-O f5 18. Rfe1 Kf6 19. Bf3 d5 20. h4 a5 21. Nb3
f4 22. Nc5 Bf7 23. g4 h5 24. Nd7+ Kg7 25. g5 Ra6 26. Nc5 Ra7 27. Nd3 Re7 28.
Nxf4 Rhe8 29. Kf1 Rf8 30. Nxd5 Bxd5 31. Bxd5 Rc8 32. Bxc6 Rxe1+ 33. Rxe1 Rxc6
34. Re7+ Kg6 35. d5 Kf5 36. dxc6 bxc3 37. bxc3 a4 38. c7 a3 39. c8=Q+ Kf4 40.
Qc4+ 1-0

[Event "Challenge"]
[Site "http://www.queenalice.com/game.php?id=1248280"]
[Date "2014.1.15"]
[Round "-"]
[White "pac212"]
[Black "coyote78"]
[Result "1/2-1/2"]
[WhiteElo "1734"]
[BlackElo "1930"]

1. d4 d5 2. Nc3 e6 3. e4 c5 4. Bb5+ Nc6 5. exd5 exd5 6. Qf3 Be6 7. dxc5 Bxc5 8.
Be3 Bxe3 9. fxe3 Ne7 10. Nge2 O-O 11. O-O-O Ne5 12. Qf4 N7g6 13. Qd4 Qa5 14.
Nxd5 Rad8 15. Nec3 Bxd5 16. Nxd5 Qxa2 17. c3 h6 18. Qe4 a6 19. Ne7+ Nxe7 20.
Qxe5 Ng6 21. Qc7 Rxd1+ 22. Rxd1 axb5 23. Qxb7 Qa1+ 24. Kc2 Qa4+ 25. Kc1 Ne5 26.
Rd4 Nc4 27. Rxc4 Qxc4 28. Kd2 Rd8+ 29. Kc2 Qa4+ 30. b3 Qa2+ 31. Kc1 Rd2 32. Qc8+
Kh7 33. Qf5+ Kh8 34. Qc8+ Kh7 35. Qf5+ Kg8 36. Qc8+ Kh7 37. Qf5+ 1/2-1/2

[Event "2014"]
[Site "http://www.queenalice.com/game.php?id=1252181"]
[Date "2014.1.29"]
[Round "1"]
[White "Jean"]
[Black "pac212"]
[Result "0-1"]
[WhiteElo "1559"]
[BlackElo "1742"]

1. e4 c5 2. b3 d5 3. Nc3 e6 4. Qg4 Nf6 5. Qe2 d4 6. Qb5+ Bd7 7. Qxb7 Bc6 8. Bb5
Qd7 9. Bxc6 Qxc6 10. Qxc6+ Nxc6 11. Nb5 Rb8 12. Nc7+ Kd7 13. Na6 Rb6 14. a4 Nxe4
15. d3 Nf6 16. Nf3 Rxa6 17. Ng5 Ke7 18. O-O Nb4 19. Ba3 Nxc2 20. Bxc5+ Ke8 21.
Ne4 Nxe4 22. Rac1 Nxc5 23. Rxc2 Nxd3 24. Rd1 Nc5 25. Rxd4 Rd6 26. Rxc5 Rxd4 27.
h3 Bxc5 28. g4 Rd3 29. Kg2 Rxb3 30. f3 Ke7 31. Kg3 g5 32. h4 h5 33. gxh5 gxh4+
34. Kxh4 Rxf3 35. Kg5 Rf5+ 36. Kg4 Rg8+ 37. Kh4 Bf2+ 38. Kh3 Rxh5# 0-1

[Event "2014"]
[Site "http://www.queenalice.com/game.php?id=1268397"]
[Date "2014.3.27"]
[Round "2"]
[White "pac212"]
[Black "tucuman"]
[Result "1-0"]
[WhiteElo "1751"]
[BlackElo "1622"]

1. e4 e5 2. Nf3 d6 3. Bc4 h6 4. d3 Nc6 5. Na3 a6 6. Be3 Bg4 7. Bd5 Qd7 8. h3 Be6
9. Bxe6 Qxe6 10. Nd2 g6 11. c3 Bg7 12. Nac4 d5 13. exd5 Qxd5 14. Qe2 Nf6 15. d4
Qxg2 16. O-O-O Qd5 17. dxe5 Nxe5 18. Nxe5 Qxe5 19. Nc4 Qe7 20. Qf3 O-O 21. Qxb7
Rfb8 22. Qc6 h5 23. f3 Rd8 24. Rxd8+ Rxd8 25. Qxa6 Nd5 26. Rd1 Nxe3 27. Rxd8+
Qxd8 28. Nxe3 Bh6 29. Qe2 Qe7 30. Kd2 Qd6+ 31. Ke1 Bxe3 32. Qxe3 Qe6 33. Qxe6
fxe6 34. a4 1-0

[Event "2014"]
[Site "http://www.queenalice.com/game.php?id=1281506"]
[Date "2014.5.13"]
[Round "3"]
[White "pac212"]
[Black "Eggchaser"]
[Result "1-0"]
[WhiteElo "1762"]
[BlackElo "1888"]

1. d4 Nf6 2. e3 d5 3. Be2 Bf5 4. Bf3 e6 5. a3 Be7 6. Ne2 h6 7. Ng3 Bg6 8. c4 c6
9. c5 O-O 10. Nc3 Nbd7 11. O-O Re8 12. Nh5 Bxh5 13. Bxh5 Nxh5 14. Qxh5 Nf6 15.
Qf3 Bf8 16. Qf4 Nd7 17. b4 Rc8 18. Bb2 Kh7 19. Qxf7 1-0

[Event "Challenge"]
[Site "http://www.queenalice.com/game.php?id=1287684"]
[Date "2014.6.12"]
[Round "-"]
[White "tucuman"]
[Black "pac212"]
[Result "0-1"]
[WhiteElo "1735"]
[BlackElo "1783"]

1. e4 d5 2. e5 c5 3. h3 a6 4. d4 e6 5. c3 cxd4 6. cxd4 Bb4+ 7. Nc3 Nc6 8. Nf3 h6
9. Bd2 Nge7 10. Na4 Qa5 11. Bxb4 Qxb4+ 12. Nc3 Qxb2 13. Ne2 Nb4 14. g3 Nc2+ 15.
Kd2 Nxa1+ 16. Ke1 Nc2+ 17. Kd2 Nxd4+ 18. Ke1 Nxf3# 0-1

[Event "Challenge"]
[Site "http://www.queenalice.com/game.php?id=1287685"]
[Date "2014.6.12"]
[Round "-"]
[White "pac212"]
[Black "tucuman"]
[Result "1-0"]
[WhiteElo "1797"]
[BlackElo "1686"]

1. d4 d5 2. Bf4 e6 3. c3 Bd7 4. Qb3 Bc6 5. e3 Bd6 6. Bxd6 Qxd6 7. Bb5 Bxb5 8.
Qxb5+ Qc6 9. Qe2 Nf6 10. Nd2 Nbd7 11. Qf3 O-O-O 12. Nh3 h6 13. O-O Kb8 14. Rfc1
Nb6 15. b3 Qd6 16. c4 dxc4 17. Nxc4 Nxc4 18. bxc4 Qe7 19. Rcb1 b6 20. Qe2 g5 21.
c5 Nd5 22. Rb3 f5 23. f3 g4 24. Nf4 gxf3 25. Qxf3 Nxf4 26. Qxf4 Qd7 27. cxb6
axb6 28. Rxb6+ Kc8 29. Rc1 Rh7 30. Rc4 Qd5 31. Rbb4 Rdd7 32. Qf2 Rhg7 33. Qb2 h5
34. Rb8# 1-0

[Event "2014"]
[Site "http://www.queenalice.com/game.php?id=1303131"]
[Date "2014.8.21"]
[Round "4"]
[White "Lintz"]
[Black "pac212"]
[Result "1-0"]
[WhiteElo "2026"]
[BlackElo "1809"]

1. e4 e5 2. Nf3 d6 3. Bc4 Qf6 4. Nc3 Be6 5. Be2 Bg4 6. Nd5 Qd8 7. h3 Bxf3 8.
Bxf3 Nf6 9. Nxf6+ Qxf6 10. c3 Nc6 11. b4 Nd8 12. a3 Ne6 13. d4 exd4 14. cxd4
Nxd4 15. Rb1 Nxf3+ 16. Qxf3 Qe5 17. O-O O-O-O 18. Bb2 Qb5 19. Qxf7 1-0